<?xml version="1.0" encoding="UTF-8"?>
<collection xmlns="http://www.loc.gov/MARC21/slim">
<record>
  <controlfield tag="001">113316</controlfield>
  <controlfield tag="005">20220606141732.0</controlfield>
  <datafield tag="037" ind1=" " ind2=" ">
    <subfield code="a">GDOC-2021-25629</subfield>
  </datafield>
  <datafield tag="970" ind1=" " ind2=" ">
    <subfield code="a">GDOC-2021-25629</subfield>
  </datafield>
  <datafield tag="041" ind1=" " ind2=" ">
    <subfield code="a">spa</subfield>
  </datafield>
  <datafield tag="041" ind1=" " ind2=" ">
    <subfield code="a">eng</subfield>
  </datafield>
  <datafield tag="540" ind1=" " ind2=" ">
    <subfield code="a">by-nc-sa</subfield>
    <subfield code="b">Creative Commons</subfield>
    <subfield code="c">3.0</subfield>
    <subfield code="u">http://creativecommons.org/licenses/by-nc-sa/3.0/</subfield>
  </datafield>
  <datafield tag="260" ind1=" " ind2=" ">
    <subfield code="a">Zaragoza</subfield>
    <subfield code="b">Universidad de Zaragoza</subfield>
    <subfield code="c">2021-2022</subfield>
  </datafield>
  <datafield tag="245" ind1="0" ind2="0">
    <subfield code="9">25629</subfield>
    <subfield code="a">Trabajo fin de Grado</subfield>
  </datafield>
  <datafield tag="242" ind1="0" ind2="0">
    <subfield code="9">25629</subfield>
    <subfield code="a">Undergraduate Dissertation</subfield>
  </datafield>
  <datafield tag="100" ind1=" " ind2=" ">
    <subfield code="a">Patricia Bazco, Vicioso</subfield>
    <subfield code="1">436697</subfield>
  </datafield>
  <datafield tag="700" ind1=" " ind2=" ">
    <subfield code="a">Patricia Bazco, Vicioso</subfield>
    <subfield code="1">436697</subfield>
  </datafield>
  <datafield tag="700" ind1=" " ind2=" ">
    <subfield code="0">(orcid)0000-0002-0026-9224</subfield>
    <subfield code="a">Elena Bueno, Gracia</subfield>
    <subfield code="1">500508</subfield>
  </datafield>
  <datafield tag="700" ind1=" " ind2=" ">
    <subfield code="0">(orcid)0000-0002-0026-9224</subfield>
    <subfield code="a">Elena Bueno, Gracia</subfield>
    <subfield code="1">500508</subfield>
  </datafield>
  <datafield tag="700" ind1=" " ind2=" ">
    <subfield code="0">(orcid)0000-0003-0328-2309</subfield>
    <subfield code="a">Santos Caudevilla, Polo</subfield>
    <subfield code="1">410554</subfield>
  </datafield>
  <datafield tag="700" ind1=" " ind2=" ">
    <subfield code="0">(orcid)0000-0003-0328-2309</subfield>
    <subfield code="a">Santos Caudevilla, Polo</subfield>
    <subfield code="1">410554</subfield>
  </datafield>
  <datafield tag="700" ind1=" " ind2=" ">
    <subfield code="0">(orcid)0000-0002-2891-5873</subfield>
    <subfield code="a">María Pilar Domínguez, Oliván</subfield>
    <subfield code="1">200530</subfield>
  </datafield>
  <datafield tag="700" ind1=" " ind2=" ">
    <subfield code="0">(orcid)0000-0002-2891-5873</subfield>
    <subfield code="a">María Pilar Domínguez, Oliván</subfield>
    <subfield code="1">200530</subfield>
  </datafield>
  <datafield tag="700" ind1=" " ind2=" ">
    <subfield code="0">(orcid)0000-0002-5161-7479</subfield>
    <subfield code="a">Elena Estebanez, de Miguel</subfield>
    <subfield code="1">437711</subfield>
  </datafield>
  <datafield tag="700" ind1=" " ind2=" ">
    <subfield code="0">(orcid)0000-0002-5161-7479</subfield>
    <subfield code="a">Elena Estebanez, de Miguel</subfield>
    <subfield code="1">437711</subfield>
  </datafield>
  <datafield tag="700" ind1=" " ind2=" ">
    <subfield code="a">Rubén Hernández, Antón</subfield>
    <subfield code="1">443737</subfield>
  </datafield>
  <datafield tag="700" ind1=" " ind2=" ">
    <subfield code="a">Rubén Hernández, Antón</subfield>
    <subfield code="1">443737</subfield>
  </datafield>
  <datafield tag="700" ind1=" " ind2=" ">
    <subfield code="0">(orcid)0000-0001-9678-3449</subfield>
    <subfield code="a">Mar Hernández, Secorún</subfield>
    <subfield code="1">724944</subfield>
  </datafield>
  <datafield tag="700" ind1=" " ind2=" ">
    <subfield code="0">(orcid)0000-0001-9678-3449</subfield>
    <subfield code="a">Mar Hernández, Secorún</subfield>
    <subfield code="1">724944</subfield>
  </datafield>
  <datafield tag="700" ind1=" " ind2=" ">
    <subfield code="0">(orcid)0000-0002-9201-0120</subfield>
    <subfield code="a">Pablo Herrero, Gallego</subfield>
    <subfield code="1">459307</subfield>
  </datafield>
  <datafield tag="700" ind1=" " ind2=" ">
    <subfield code="0">(orcid)0000-0002-9201-0120</subfield>
    <subfield code="a">Pablo Herrero, Gallego</subfield>
    <subfield code="1">459307</subfield>
  </datafield>
  <datafield tag="700" ind1=" " ind2=" ">
    <subfield code="0">(orcid)0000-0001-7667-2178</subfield>
    <subfield code="a">César Hidalgo, García</subfield>
    <subfield code="1">458995</subfield>
  </datafield>
  <datafield tag="700" ind1=" " ind2=" ">
    <subfield code="0">(orcid)0000-0001-7667-2178</subfield>
    <subfield code="a">César Hidalgo, García</subfield>
    <subfield code="1">458995</subfield>
  </datafield>
  <datafield tag="700" ind1=" " ind2=" ">
    <subfield code="0">(orcid)0000-0002-9930-3903</subfield>
    <subfield code="a">María Orosia Lucha, López</subfield>
    <subfield code="1">200676</subfield>
  </datafield>
  <datafield tag="700" ind1=" " ind2=" ">
    <subfield code="0">(orcid)0000-0002-9930-3903</subfield>
    <subfield code="a">María Orosia Lucha, López</subfield>
    <subfield code="1">200676</subfield>
  </datafield>
  <datafield tag="700" ind1=" " ind2=" ">
    <subfield code="0">(orcid)0000-0001-9080-0543</subfield>
    <subfield code="a">Miguel Malo, Urriés</subfield>
    <subfield code="1">562390</subfield>
  </datafield>
  <datafield tag="700" ind1=" " ind2=" ">
    <subfield code="0">(orcid)0000-0001-9080-0543</subfield>
    <subfield code="a">Miguel Malo, Urriés</subfield>
    <subfield code="1">562390</subfield>
  </datafield>
  <datafield tag="700" ind1=" " ind2=" ">
    <subfield code="0">(orcid)0000-0001-5851-8855</subfield>
    <subfield code="a">María Yolanda Marcén, Román</subfield>
    <subfield code="1">201953</subfield>
  </datafield>
  <datafield tag="700" ind1=" " ind2=" ">
    <subfield code="0">(orcid)0000-0001-5851-8855</subfield>
    <subfield code="a">María Yolanda Marcén, Román</subfield>
    <subfield code="1">201953</subfield>
  </datafield>
  <datafield tag="700" ind1=" " ind2=" ">
    <subfield code="0">(orcid)0000-0002-1042-542X</subfield>
    <subfield code="a">Jorge Marín, Puyalto</subfield>
    <subfield code="1">565845</subfield>
  </datafield>
  <datafield tag="700" ind1=" " ind2=" ">
    <subfield code="0">(orcid)0000-0002-1042-542X</subfield>
    <subfield code="a">Jorge Marín, Puyalto</subfield>
    <subfield code="1">565845</subfield>
  </datafield>
  <datafield tag="700" ind1=" " ind2=" ">
    <subfield code="a">Alberto Montaner, Cuello</subfield>
    <subfield code="1">456094</subfield>
  </datafield>
  <datafield tag="700" ind1=" " ind2=" ">
    <subfield code="a">Alberto Montaner, Cuello</subfield>
    <subfield code="1">456094</subfield>
  </datafield>
  <datafield tag="700" ind1=" " ind2=" ">
    <subfield code="a">Juan Luis Nápoles, Carreras</subfield>
    <subfield code="1">472913</subfield>
  </datafield>
  <datafield tag="700" ind1=" " ind2=" ">
    <subfield code="a">Juan Luis Nápoles, Carreras</subfield>
    <subfield code="1">472913</subfield>
  </datafield>
  <datafield tag="700" ind1=" " ind2=" ">
    <subfield code="a">Pilar Pardos, Aguilella</subfield>
    <subfield code="1">610381</subfield>
  </datafield>
  <datafield tag="700" ind1=" " ind2=" ">
    <subfield code="a">Pilar Pardos, Aguilella</subfield>
    <subfield code="1">610381</subfield>
  </datafield>
  <datafield tag="700" ind1=" " ind2=" ">
    <subfield code="0">(orcid)0000-0002-3583-5206</subfield>
    <subfield code="a">José Miguel Tricas, Moreno</subfield>
    <subfield code="1">386457</subfield>
  </datafield>
  <datafield tag="700" ind1=" " ind2=" ">
    <subfield code="0">(orcid)0000-0002-3583-5206</subfield>
    <subfield code="a">José Miguel Tricas, Moreno</subfield>
    <subfield code="1">386457</subfield>
  </datafield>
  <datafield tag="830" ind1=" " ind2=" ">
    <subfield code="9">275</subfield>
  </datafield>
  <datafield tag="830" ind1=" " ind2=" ">
    <subfield code="9">605</subfield>
  </datafield>
  <datafield tag="856" ind1="4" ind2=" ">
    <subfield code="s">15685</subfield>
    <subfield code="u">http://zaguan.unizar.es/record/113316/files/guia-25629-es.pdf</subfield>
    <subfield code="y">Guía (idioma español)</subfield>
  </datafield>
  <datafield tag="856" ind1="4" ind2=" ">
    <subfield code="s">9944</subfield>
    <subfield code="u">http://zaguan.unizar.es/record/113316/files/guia-25629-en.pdf</subfield>
    <subfield code="y">Guide (english)</subfield>
  </datafield>
  <datafield tag="521" ind1=" " ind2=" ">
    <subfield code="9">108</subfield>
    <subfield code="a">Graduado en Fisioterapia</subfield>
    <subfield code="b">Degree in Physiotherapy</subfield>
  </datafield>
  <datafield tag="980" ind1=" " ind2=" ">
    <subfield code="a">GDOC</subfield>
    <subfield code="b">Health Sciences</subfield>
    <subfield code="b">Ciencias de la Salud</subfield>
    <subfield code="c">127</subfield>
  </datafield>
</record>
</collection>